Những vấn đề cơ bản về tổ chức và hoạt động của chi bộ Đảng

Nêu vị trí, vai trò, nhiệm vụ, chủ trương, đường lối của Đảng về việc xây dựng, tổ chức, hoạt động, củng cố chi bộ, nâng cao chất lượng đảng viên gắn với đổi mới và nâng cao chất lượng hoạt động của hệ thống chính trị ở cơ sở...

সম্পূর্ণ বিবরণ

সংরক্ষণ করুন:
গ্রন্থ-পঞ্জীর বিবরন
প্রধান লেখক: Nguyễn, Duy Hùng
বিন্যাস: গ্রন্থ
ভাষা:Undetermined
প্রকাশিত: Hà Nội Chính trị Quốc gia 2008
বিষয়গুলি:
ট্যাগগুলো: ট্যাগ যুক্ত করুন
কোনো ট্যাগ নেই, প্রথমজন হিসাবে ট্যাগ করুন!
Thư viện lưu trữ: Trung tâm Học liệu Trường Đại học Cần Thơ
LEADER 01044nam a2200205Ia 4500
001 CTU_148327
008 210402s9999 xx 000 0 und d
020 |c 66000 
082 |a 324.2597071 
082 |b H513 
100 |a Nguyễn, Duy Hùng 
245 0 |a Những vấn đề cơ bản về tổ chức và hoạt động của chi bộ Đảng 
260 |a Hà Nội 
260 |b Chính trị Quốc gia 
260 |c 2008 
520 |a Nêu vị trí, vai trò, nhiệm vụ, chủ trương, đường lối của Đảng về việc xây dựng, tổ chức, hoạt động, củng cố chi bộ, nâng cao chất lượng đảng viên gắn với đổi mới và nâng cao chất lượng hoạt động của hệ thống chính trị ở cơ sở 
650 |a Communist parties,Political parties,Đảng Cộng sản Việt Nam 
650 |y VietNam 
904 |i Nguyên 
980 |a Trung tâm Học liệu Trường Đại học Cần Thơ